[Event "IOM Open-Masters 2017"]
[Site "Douglas"]
[Date "2017.09.27"]
[Round "5"]
[White "Sethuraman, S.P."]
[Black "Gelfand, Boris"]
[Result "1-0"]
[WhiteElo "2617"]
[BlackElo "2737"]
[Annotator "TA"]
[PlyCount "103"]
[EventDate "2017.??.??"]
[EventType "swiss"]
[EventCountry "GBR"]
[SourceTitle "playchess.com"]
[Source "ChessBase"]
[SourceQuality "1"]

{[%evp 19,103,11,11,14,18,6,10,23,11,0,26,18,21,0,0,-11,0,-6,0,-72,-72,-81,-76,-89,-92,-98,-87,-102,-102,-102,-102,-85,-85,-77,-53,-91,68,68,70,58,228,228,226,212,360,345,366,366,644,627,759,739,698,660,631,608,601,583,562,527,493,457,444,372,369,107,862,852,811,675,617,593,557,511,6356,5565,12789,10922,29960,29943,29958,29957,7343,7343,6937,6933]} 1. d4 Nf6 2. c4 e6 3. Nc3 Bb4 4. Qc2 O-O 5. Nf3 d5 6. a3 Bxc3+ 7. Qxc3 dxc4 8. Qxc4 b6 9. Bg5 {E36: Nimzo-Indian: Classical: 4...d5 5 a3} (9. h4 Bb7 10. Bg5 Qd5 11. Rc1 Nbd7 12. Qxd5 Bxd5 13. Ne5 c5 14. Bxf6 Nxf6 15. dxc5 bxc5 16. f3 Rab8 {0-1 (36) Kasparov,G (2812)-Aronian,L (2799) Saint Louis 2017}) 9... Bb7 10. Rd1 Nbd7 {LiveBook: 4 Games} 11. Ne5 {The position is equal.} h6 $146 ({Predecessor:} 11... Qc8 12. Nc6 Re8 13. e3 e5 14. Bxf6 gxf6 15. Be2 exd4 16. Bg4 Re4 17. Rxd4 Rxd4 18. Nxd4 {½-½ (57) Michiels,B (2535)-Gomez,J (2526) Tromsoe 2014}) 12. Nxd7 Qxd7 13. Bxf6 gxf6 14. d5 Bxd5 15. Qf4 Kh7 16. Qxf6 {Hoping for e4!} (16. e4 {seems wilder.} Qa4 17. Bd3 f5 18. b4 fxe4 19. Bxe4+ Bxe4 20. Qxe4+ f5 21. Qb7) 16... Qd8 $1 $36 {[%cal Rd8f6][%mdl 2048] Black is pushing.} 17. Qxd8 (17. Qc3 {is more complex.} Qe7 18. e3 f5 19. Rg1 Rg8 20. g4) 17... Rfxd8 18. e3 Rd6 19. Bd3+ (19. f3 $11 {keeps the balance.}) 19... Kh8 $17 {Threatens to win with ...Bb3.} 20. Bf1 Rad8 $1 21. b4 Bb3 22. Rxd6 Rxd6 {[%mdl 4096] Endgame KRB-KRB} 23. Be2 c5 24. bxc5 bxc5 {White must now prevent ...c4.} 25. O-O Rd2 26. Bh5 Ra2 27. Rc1 c4 $2 (27... Kg7 $17) 28. Bxf7 $14 c3 $1 29. h4 Rc2 $2 ({Better is} 29... c2 $14 30. Bg6 a5) 30. Rxc2 $18 Bxc2 {[#] KB-KB} 31. Kf1 $1 Bd3+ (31... Be4 {might work better.} 32. Ke2 Bxg2) 32. Ke1 e5 33. Bd5 Kg7 $2 (33... e4 34. Kd1 Kg7) 34. f3 Bb5 35. g4 Kf6 36. Be4 Ba4 37. Ke2 Bb5+ {[#]} 38. Kd1 $1 {[%cal Rd1c2]} Ba4+ 39. Bc2 Bc6 40. Ke2 Bb5+ 41. Kf2 Bd7 42. Be4 $2 (42. Kf1 $18 {and White stays clearly on top.} a5 43. Ke2) 42... a5 $2 {[%mdl 8192]} (42... Bc6 $16 43. Ke2 Bb5+ 44. Kd1 Ba4+ 45. Ke2 Bb5+) 43. Ke2 Bb5+ 44. Kd1 Ba4+ 45. Kc1 Bb3 46. f4 exf4 (46... Kg7 $142 47. fxe5 Kf7) 47. exf4 {[%cal Be3f4,Bf4f5][%mdl 32]} Ba4 48. g5+ hxg5 49. hxg5+ Ke6 50. f5+ Ke5 51. f6 Bb3 52. Bc2 {Precision: White = 68%, Black = 32%.} 1-0

[Event "IOM Open-Masters 2017"]
[Site "Douglas"]
[Date "2017.09.27"]
[Round "5"]
[White "Sokolov, Ivan"]
[Black "Rodshtein, Maxim"]
[Result "1-0"]
[WhiteElo "2603"]
[BlackElo "2695"]
[Annotator "TA"]
[PlyCount "111"]
[EventDate "2017.??.??"]
[EventType "swiss"]
[EventCountry "GBR"]
[SourceTitle "playchess.com"]
[Source "ChessBase"]
[SourceQuality "1"]

{[%evp 24,111,25,22,30,0,12,8,13,6,30,-16,-13,-67,-27,-31,0,-19,0,8,25,-2,39,22,45,-27,0,-31,104,88,119,151,141,108,163,170,166,168,287,268,372,253,317,316,369,370,350,370,551,517,547,537,760,449,452,447,515,514,479,463,698,695,669,662,653,639,682,404,423,421,422,411,493,418,673,638,1093,906,893,832,1129,843,12839,12837,12839,12838,12846,12847,12847,12847]} 1. d4 Nf6 2. c4 e6 3. Nf3 b6 4. g3 Ba6 5. b3 Bb4+ 6. Bd2 Be7 7. Bg2 O-O 8. O-O d5 9. cxd5 exd5 10. Nc3 Re8 11. Rc1 {E15: Queen's Indian: 4 g3 sidelines, 4 g3 Ba6 and 4 g3 Bb7 early deviations} (11. Ne5 Bb7 12. Qc2 c5 13. dxc5 bxc5 14. Rad1 Qc8 15. e4 Bf8 16. f4 d4 17. Nd5 Nxd5 18. exd5 f6 {1-0 (31) Aronian,L (2799)-Navara,D (2737) Saint Louis 2017}) 11... Bb7 12. Bf4 Na6 13. Ne5 {LiveBook: 25 Games. White has an edge.} c6 14. h4 $146 ({Predecessor:} 14. e4 Nc7 15. exd5 cxd5 16. a4 Ne6 17. Be3 Bb4 18. Qd3 a6 19. Bh3 h6 {0-1 (59) Schandorff,L (2497)-Hansen,S (2553) Koge 2005}) 14... Ba3 15. Rc2 Bd6 16. e3 Rc8 17. Rd2 Nc7 18. g4 ({White should play} 18. Nd3 $11) 18... Bb4 19. Rc2 Ne6 (19... Bxc3 $5 20. Rxc3 Ne6 $11) 20. Bg3 Nd7 21. Nd3 Bf8 22. f4 {[%cal Bf2f4,Bf4f5][%mdl 32]} Ba6 23. Re1 Bd6 24. Nf2 (24. Bf1 $14) 24... Qe7 {White must now prevent ...Nxf4!} 25. Rc1 Ba3 (25... h6 $15 {stays ahead.}) 26. f5 $16 Nef8 27. Rc2 Bd6 28. Qf3 h6 {[#]} (28... Bxg3 $16 29. Qxg3 g5) 29. e4 $1 $18 Bxg3 30. Qxg3 Qb4 (30... Nh7 {might work better.} 31. Rd1 Qd8) 31. Rd1 dxe4 32. Ncxe4 c5 33. Rcd2 c4 34. g5 hxg5 35. hxg5 Nh7 (35... c3 {was necessary.}) 36. Nd6 c3 37. g6 Ng5 38. gxf7+ Nxf7 39. Bd5 cxd2 40. Bxf7+ Kf8 41. Bxe8 Rc1 (41... Rxe8 $142 42. Nxe8 Kxe8 43. Qxg7 Qe7 44. Qxe7+ Kxe7 45. Rxd2 Kf6) 42. Bxd7 {Intending Qe5 and mate.} Qxd4 {Threatens to win with ...Rxd1+.} 43. Kh2 Rxd1 44. Nxd1 Be2 45. Ne3 d1=Q 46. Nxd1 Bxd1 47. Bc6 {And now Ne4 would win.} Bc2 48. Bg2 a6 (48... Kg8 $142 49. Nb5 Qf6 50. Bd5+ Kh7) 49. Ne4 {White is clearly winning.} Bxe4 50. Qb8+ Kf7 {[#]} 51. Qf4 $1 Qb2 52. Qxe4 Qxa2 53. Qe6+ Kf8 54. Qxb6 Qe2 55. Qd6+ Kf7 56. Qe6+ {Precision: White = 64%, Black = 12%.} 1-0

[Event "IOM Open-Masters 2017"]
[Site "Douglas"]
[Date "2017.09.27"]
[Round "5"]
[White "Bogner, Sebastian"]
[Black "Kiewra, Keaton F"]
[Result "1-0"]
[WhiteElo "2599"]
[BlackElo "2433"]
[Annotator "TA"]
[PlyCount "67"]
[EventDate "2017.??.??"]
[EventType "swiss"]
[EventCountry "GBR"]
[SourceTitle "playchess.com"]
[Source "ChessBase"]
[SourceQuality "1"]

{[%evp 23,67,34,31,0,0,0,2,2,75,103,191,182,199,206,208,200,372,355,685,687,678,658,1125,967,1125,1118,1117,0,882,0,1107,1100,29992,29991,29991,29992,29992,0,1056,0,29992,853,29993,29994,29994,958]} 1. d4 Nf6 2. Nf3 g6 3. c4 Bg7 4. g3 d5 5. cxd5 Nxd5 6. Bg2 Nb6 7. O-O Nc6 8. e3 O-O 9. Nc3 Re8 10. Nh4 {D76: Fianchetto Grünfeld: Main Line with 7...Nb6} (10. d5 Na5 11. Nd4 Bd7 12. b4 Nac4 13. Qc2 Qc8 14. Rd1 Bh3 15. Bh1 a5 16. b5 Bg4 17. Nce2 e5 18. dxe6 fxe6 19. Rb1 e5 20. Nb3 {0-1 (37) Jobava,B (2714)-Maghsoodloo,P (2584) Bandar e Anzali 2017}) 10... e5 11. d5 Na5 12. Rb1 Bd7 {LiveBook: 3 Games} 13. e4 c6 14. b3 cxd5 15. exd5 g5 $146 (15... f5 $11 {keeps the balance.}) ({Predecessor:} 15... e4 16. Nxe4 Bb5 17. Re1 Nxd5 {1-0 (26) Sagar,S (2451)-Wisniewski,M (2000) Teplice 2015}) 16. Nf3 $16 Bf5 (16... h6 $16) 17. Bxg5 $18 f6 18. Be3 Bxb1 19. Qxb1 e4 $2 (19... Rc8 {was worth a try.}) 20. Nxe4 Qxd5 $2 {[#]} (20... Qe7 21. Bxb6 axb6) 21. Nfg5 $1 {[%mdl 512]} fxg5 22. Nxg5 Qe5 {If Black can now play ...h6 this consolidates a bit.} 23. Qxh7+ Kf8 24. Qg6 {[%csl Gg5][%cal Rg6f7]} Kg8 25. Qh7+ Kf8 26. Qg6 $40 {[%csl Gg5][%cal Rg6f7][%mdl 128] White is up to no good.} Kg8 $1 27. Rd1 Red8 28. Qf7+ Kh8 29. Qh5+ Kg8 30. Qf7+ (30. Qh7+ $142 Kf8 {[#]} 31. Bc5+ $1 {[%mdl 512]} Qxc5 32. Ne6+ Ke8 33. Qg6+ Ke7 34. Qxg7+ Kxe6 35. Re1+ Qe5 36. Rxe5+ Kd6 37. Qe7#) 30... Kh8 31. Qh5+ (31. Rxd8+ $18 Rxd8 32. Qg6) 31... Kg8 {next ...Rxd1+ is good for Black.} 32. Qh7+ Kf8 {[#]} 33. Bc5+ $1 {[%mdl 512]} Qxc5 34. Rxd8+ {Precision: White = 70%, Black = 45%.} (34. Ne6+ $142 Ke8 35. Qg8+ Ke7 36. Qxg7+ (36. Nxc5 $2 {too greedy.} Rxd1+ 37. Bf1 Rxg8 $19) 36... Kxe6 37. Re1+ Qe5 38. Rxe5+ Kd6 39. Qe7#) 1-0

[Event "IOM Open-Masters 2017"]
[Site "Douglas"]
[Date "2017.09.27"]
[Round "5"]
[White "Tregubov, Pavel V"]
[Black "Sundararajan, Kidambi"]
[Result "1/2-1/2"]
[WhiteElo "2589"]
[BlackElo "2426"]
[Annotator "TA"]
[PlyCount "130"]
[EventDate "2017.??.??"]
[EventType "swiss"]
[EventCountry "GBR"]
[SourceTitle "playchess.com"]
[Source "ChessBase"]
[SourceQuality "1"]

{[%evp 22,130,27,25,15,16,25,22,43,32,70,48,50,54,49,16,53,0,0,-33,0,0,8,8,8,8,8,1,2,9,2,13,16,3,8,0,0,0,28,28,44,37,29,23,55,45,66,58,50,49,45,47,53,42,49,47,56,28,116,118,110,101,103,39,38,31,45,0,9,0,0,0,8,0,0,0,0,0,8,8,8,8,8,8,8,8,8,8,8,8,8,8,34,8,8,8,8,8,8,8,8,8,8,8,8,8,8,8,8,8,8]} 1. d4 d5 2. c4 c6 3. cxd5 cxd5 4. Bf4 Nc6 5. e3 Nf6 6. Nc3 a6 7. Bd3 Bg4 8. Nge2 e6 9. O-O Bd6 10. f3 {D10: Slav Defence: 3 cxd5 (without early Nf3) and 3 Nc3} Bh5 11. Na4 (11. Rc1 Bg6 12. Bxd6 Qxd6 13. a3 O-O 14. Na4 Nd7 15. Bxg6 hxg6 16. Qd2 Rfc8 17. Nc5 Nxc5 18. Rxc5 Ne7 19. Rfc1 b6 20. Rxc8+ Rxc8 21. Rxc8+ Nxc8 22. Qc3 Ne7 {½-½ (22) Pashikian,A (2612)-Jobava,B (2661) Gjakova 2016}) 11... Bg6 12. Nc5 {LiveBook: 4 Games. White has an edge.} Bxc5 13. dxc5 e5 14. Bg5 O-O 15. Rc1 Re8 $146 ({Predecessor:} 15... h6 16. Bh4 Bxd3 17. Qxd3 Qe7 18. Bxf6 Qxf6 19. Qxd5 {1-0 (40) Ju,W (2535)-Lin,C (2466) Tagaytay City 2013}) 16. a3 Qd7 17. Bxf6 gxf6 18. Ng3 Rad8 19. Kh1 (19. Qc2 $14) 19... f5 $11 20. Bc2 d4 21. exd4 Nxd4 22. Ba4 Nc6 23. Qxd7 Rxd7 24. Rfd1 Red8 25. Rxd7 Rxd7 26. Rd1 Rd4 27. Rxd4 Nxd4 {[%mdl 4096] Endgame KBN-KBN} 28. Kg1 Kf8 29. Kf2 Ke7 30. Ne2 Ne6 31. b4 f4 32. Bb3 Kd7 33. Bd5 Kc7 34. g3 fxg3+ 35. hxg3 Ng7 36. Nc3 Nf5 37. Bc4 Nd4 38. Nd5+ Kd7 39. Nf6+ Ke7 {[#]} (39... Kc7 $11 {keeps the balance.}) 40. Ng4 $1 $16 f6 41. Bd5 Nc6 42. Ke3 (42. Nh6 $16) 42... Bf7 $14 43. Be4 Bg6 $1 44. Nf2 Ke6 45. f4 Bxe4 46. Nxe4 $11 {KN-KN} Ne7 47. fxe5 Kxe5 48. Nd6 b5 49. Ne8 Nc6 50. Nc7 a5 51. bxa5 Nxa5 52. Nxb5 Kd5 53. Kf4 Kxc5 54. Nc3 Nc4 55. Ne4+ Kd5 56. a4 Ke6 57. Nc5+ Kd6 {The position is equal.} 58. Nb3 h5 59. Nd4 Kc5 60. Nc2 Kb6 61. Ne3 Nd2 62. Nd5+ Ka5 63. Nxf6 Nf1 64. Nxh5 {[#] Strongly threatening g4.} Nxg3 $1 65. Nxg3 Kxa4 {Precision: White = 61%, Black = 57%.} 1/2-1/2

[Event "IOM Open-Masters 2017"]
[Site "Douglas"]
[Date "2017.09.27"]
[Round "5"]
[White "Tari, Aryan"]
[Black "Leko, Peter"]
[Result "1/2-1/2"]
[WhiteElo "2588"]
[BlackElo "2679"]
[Annotator "TA"]
[PlyCount "60"]
[EventDate "2017.??.??"]
[EventType "swiss"]
[EventCountry "GBR"]
[SourceTitle "playchess.com"]
[Source "ChessBase"]
[SourceQuality "1"]

{[%evp 12,60,10,10,15,5,18,11,20,11,11,10,10,10,15,11,5,4,5,16,4,10,10,7,6,7,10,5,3,0,12,2,10,6,9,0,0,0,0,0,0,0,0,0,0,0,0,0,0,0,0]} 1. d4 Nf6 2. c4 e6 3. Nf3 d5 4. Nc3 Bb4 5. Qa4+ Nc6 6. e3 O-O 7. Bd2 {The position is equal.} dxc4 {D38: Queen's Gambit Declined: Ragozin Defence (4 Nf3 Bb4)} 8. Bxc4 Bd6 9. Qc2 (9. a3 e5 10. d5 Ne7 11. e4 Bd7 12. Qd1 h6 13. O-O c6 14. dxc6 Bxc6 15. Qe2 {½-½ (33) Zherebukh,Y (2642)-Le,Q (2726) Philadelphia 2017}) 9... a6 10. a3 e5 11. dxe5 Nxe5 12. Nxe5 Bxe5 13. f4 Bxc3 14. Bxc3 Ng4 $146 {[%mdl 2048] Black is not keeping still} ({Predecessor:} 14... Qe7 15. O-O {½-½ (79) Swayams,M (2440)-Batsiashvili,N (2475) Porticcio 2017}) 15. Bd4 c5 16. Bxc5 Re8 $1 ({Wrong is} 16... b5 $2 17. Bd3 $18 (17. Bxf8 Qxf8 18. Qe4 Ra7 $16)) 17. O-O {White wants to play Rad1.} Nxe3 18. Bxe3 Rxe3 19. Qf2 Re8 20. Rad1 Qf6 21. Qd4 Qxd4+ 22. Rxd4 Be6 23. Bxe6 Rxe6 $11 {[%mdl 4096] Endgame KRR-KRR} 24. Rfd1 Kf8 25. Kf2 Rae8 26. R1d2 g6 27. g3 R8e7 28. Rd8+ Kg7 29. R8d6 Kf6 30. Kf3 Rc7 {Precision: White = 85%, Black = 88%.} 1/2-1/2

[Event "IOM Open-Masters 2017"]
[Site "Douglas"]
[Date "2017.09.27"]
[Round "5"]
[White "Ju, Wenjun"]
[Black "Arjun Kalyan"]
[Result "1/2-1/2"]
[WhiteElo "2574"]
[BlackElo "2406"]
[Annotator "TA"]
[PlyCount "74"]
[EventDate "2017.??.??"]
[EventType "swiss"]
[EventCountry "GBR"]
[SourceTitle "playchess.com"]
[Source "ChessBase"]
[SourceQuality "1"]

{[%evp 22,74,39,16,14,11,9,9,23,29,41,0,0,2,0,0,2,0,0,0,0,0,0,0,0,0,0,0,0,0,0,0,0,0,0,0,0,0,0,0,4,4,4,4,4,4,4,4,4,4,4,0,4,4,4]} 1. d4 d5 2. c4 c6 3. cxd5 cxd5 4. Bf4 Nc6 5. Nc3 Nf6 6. e3 a6 7. Bd3 Bg4 8. Nge2 e6 9. O-O Be7 10. Rc1 O-O {D10: Slav Defence: 3 cxd5 (without early Nf3) and 3 Nc3} 11. Na4 Bh5 (11... Nd7 12. a3 e5 13. dxe5 Ndxe5 14. h3 Bh5 15. Bb1 Bf6 16. Qc2 Bg6 17. Qb3 Bxb1 18. Rxb1 {1-0 (46) Sargissian,G (2686)-Laznicka,V (2679) Dubai 2014}) 12. a3 {LiveBook: 9 Games} Bg6 13. Nc5 $146 ({Predecessor:} 13. b4 Nd7 14. Bg3 Bxd3 15. Qxd3 Rc8 16. Nc5 Nxc5 17. dxc5 b6 18. Qxa6 bxc5 19. bxc5 {½-½ (149) Prohaszka,P (2583)-Neuman,P (2499) Germany 2013}) 13... Bxc5 14. dxc5 Qd7 15. Nc3 d4 16. Bxg6 {Black must now prevent Na4.} dxc3 {The position is equal.} ({Of course not} 16... fxg6 $6 17. exd4 Qxd4 18. Bd6 $16) 17. Bc2 cxb2 18. Rb1 Qxd1 19. Rfxd1 Nd5 20. Rxb2 Nxf4 21. exf4 Na5 22. Be4 Rac8 23. Bxb7 Nxb7 24. Rxb7 Rxc5 $11 {[%mdl 4096] Endgame KRR-KRR} 25. Ra7 Ra5 26. Rd3 g6 27. g3 Rc8 28. Kg2 h5 29. h3 Ra4 30. Rb3 Rc5 31. Rb8+ Kg7 32. Rb6 Rxa3 33. Rxe6 a5 34. Ree7 Rf5 35. Re4 Rb5 36. Rd4 Rc3 37. Rdd7 Rf5 {Precision: White = 89%, Black = 87%.} 1/2-1/2

[Event "IOM Open-Masters 2017"]
[Site "Douglas"]
[Date "2017.09.27"]
[Round "5"]
[White "Aravindh, Chithambaram VR"]
[Black "Roberson, Peter T"]
[Result "1-0"]
[WhiteElo "2573"]
[BlackElo "2403"]
[Annotator "TA"]
[PlyCount "77"]
[EventDate "2017.??.??"]
[EventType "swiss"]
[EventCountry "GBR"]
[SourceTitle "playchess.com"]
[Source "ChessBase"]
[SourceQuality "1"]

{[%evp 23,76,26,37,25,42,44,50,65,204,193,194,177,165,119,404,375,370,391,400,401,396,385,402,375,383,391,408,404,439,435,1012,991,954,775,2104,1610,1286,771,771,771,771,771,771,771,753,712,812,794,1125,1114,29939,29940,29997,29998,29999]} 1. e4 e6 2. d4 d5 3. Nc3 Nf6 4. e5 Nfd7 5. f4 c5 6. Nf3 Nc6 7. Be3 Be7 8. Qd2 O-O 9. dxc5 Nxc5 {C11: French: Classical System: 4 e5 and 4 Bg5 dxe4} 10. O-O-O a6 (10... Qa5 11. Kb1 Rd8 12. Nd4 Bf8 13. g4 Bd7 14. h4 Rab8 15. Nce2 Qxd2 16. Rxd2 Ne4 17. Rd1 Nxd4 18. Bxd4 {1-0 (34) Adhiban,B (2670)-Korobov,A (2711) Khanty-Mansiysk 2017}) 11. Kb1 b5 12. Bxc5 Bxc5 {LiveBook: 3 Games} 13. Bd3 f6 14. exf6 Qxf6 $146 ({Predecessor:} 14... Rxf6 15. Rhe1 b4 16. Ne2 Qc7 17. Ng5 {½-½ (49) Soumya,S (2359)-Nguyen,T (2257) Chengdu 2017}) 15. Ne2 Bb7 ({Black should play} 15... h6 $14) 16. Ng5 $1 $18 g6 {[#]} 17. h4 $1 {[%cal Bh2h4,Bh4g5][%mdl 32]} h6 18. g4 hxg5 $4 {[%mdl 8192]} (18... Nd4 $16) 19. hxg5 Qg7 {[#]} 20. f5 $1 {[%mdl 512]} gxf5 (20... exf5 21. gxf5) 21. gxf5 exf5 {Threatens to win with ...Rae8.} 22. Nf4 Rae8 {[#]} 23. Nh5 $1 {[%cal Rh5g7]} Qg6 24. Nf6+ Rxf6 25. gxf6 {aiming for Rh6.} Be3 26. Qh2 {Black must now prevent Bxf5!} Ne5 {[#]} (26... Bc8 $142 27. Rde1 (27. Qh8+ Kf7 $17) 27... d4) 27. Bxf5 $1 {[%mdl 512]} Qxf6 (27... Qxf5 28. Qh8+) 28. Rdf1 d4 {[#]} 29. Be6+ $1 {[%mdl 512]} Rxe6 30. Qh7+ Kf8 31. Rxf6+ Rxf6 32. Qxb7 {[%cal Rh1h8]} Nf7 33. a3 Kg7 34. Qe7 Rf4 35. Qe6 Rf6 {[#]} 36. Rh7+ $1 {[%mdl 512]} Kg6 (36... Kxh7 37. Qxf6) 37. Qe4+ {White mates.} Kg5 38. Rg7+ Kh5 39. Qh1# {Precision: White = 98%, Black = 25%.} 1-0

[Event "IOM Open-Masters 2017"]
[Site "Douglas"]
[Date "2017.09.27"]
[Round "5"]
[White "Timman, Jan H"]
[Black "Houska, Jovanka"]
[Result "1-0"]
[WhiteElo "2573"]
[BlackElo "2393"]
[Annotator "TA"]
[PlyCount "95"]
[EventDate "2017.??.??"]
[EventType "swiss"]
[EventCountry "GBR"]
[SourceTitle "playchess.com"]
[Source "ChessBase"]
[SourceQuality "1"]

{[%evp 24,95,26,31,46,14,18,25,41,0,0,0,0,-4,0,-14,8,-4,9,0,134,133,129,129,128,117,166,160,186,183,166,160,196,196,196,196,196,194,195,194,189,186,181,169,173,181,187,182,176,168,170,170,170,170,441,425,552,531,518,497,951,802,983,982,968,411,1047,927,905,852,5555,5551,5543,5537]} 1. c4 e6 2. Nc3 d5 3. d4 Nf6 4. Nf3 Be7 5. Bg5 Nbd7 6. e3 O-O 7. Rc1 a6 8. cxd5 exd5 9. Bd3 Re8 10. O-O c6 11. Qc2 Nf8 12. h3 g6 13. Bh6 {LiveBook: 3 Games. D65: Queen's Gambit Declined: Classical: 7 Rc1 c6 8 Qc2 a6 9 cxd5} Bd6 $146 ({Predecessor:} 13... Ne6 14. Ne5 c5 15. dxc5 Nxc5 16. Rfd1 Be6 17. Qe2 Rc8 18. Bb1 Nce4 19. Bxe4 Nxe4 20. Nxd5 Rxc1 21. Nxe7+ Qxe7 22. Rxc1 Bxh3 {½-½ (58) Zakhartsov,V (2532)-Malakhatko,V (2485) Feffernitz 2016}) 14. Rb1 Ne6 15. Rfe1 {The position is equal.} Bd7 16. Ne5 Ng7 17. Nxd7 Nxd7 18. e4 dxe4 19. Nxe4 Be7 20. Nc3 Nb6 21. Qb3 $36 {[%mdl 2048] White is more active.} Qxd4 {[#]} (21... Bf8 $11 {remains equal.}) 22. Rbd1 $1 $16 {aiming for Re4.} Bc5 23. Be3 $1 {[%cal Re3d4]} Rxe3 24. Rxe3 {Threatens to win with Rf3.} Qh4 25. Rf3 Ne6 {[%cal Bg7e6,Be6d4,Bd4e2][%mdl 32]} 26. Ne4 Bd4 27. Bc2 {[#] Rxf7! is the strong threat.} Qe7 28. Rfd3 Rd8 29. Rxd4 $1 Nxd4 30. Qxb6 Ne2+ 31. Kf1 Rxd1+ 32. Bxd1 Qxe4 33. Qd8+ Kg7 {Strongly threatening ...Nf4.} 34. Bxe2 Qb1+ 35. Bd1 Qxb2 36. Bb3 b5 37. Qe7 Qb1+ 38. Ke2 Qf5 $2 (38... Qb2+ {was called for.} 39. Ke3 Qc1+ 40. Kf3 Qc3+ 41. Kf4 Qd4+ 42. Kg3 Qd3+ 43. Kh2 Qf5) 39. Ke3 $18 h5 40. f4 c5 {next ...c4 is good for Black.} 41. Qe5+ Qxe5+ (41... Qf6 $142 42. Qxc5 Kh7) 42. fxe5 {[%mdl 4096] Endgame KB-KP} f6 43. Ke4 c4 44. Bc2 fxe5 (44... Kf7 $142 45. exf6 Kxf6) 45. Kxe5 {White is clearly winning.} g5 46. Be4 b4 47. Kd4 b3 48. a4 {Precision: White = 84%, Black = 43%.} 1-0

[Event "IOM Open-Masters 2017"]
[Site "Douglas"]
[Date "2017.09.27"]
[Round "5"]
[White "Sunilduth Lyna, Narayanan"]
[Black "Raja Harshit"]
[Result "1-0"]
[WhiteElo "2568"]
[BlackElo "2423"]
[Annotator "TA"]
[PlyCount "101"]
[EventDate "2017.??.??"]
[EventType "swiss"]
[EventCountry "GBR"]
[SourceTitle "playchess.com"]
[Source "ChessBase"]
[SourceQuality "1"]

{[%evp 19,101,2,2,2,19,22,23,18,24,13,17,13,21,21,24,25,21,24,18,21,24,23,40,18,36,37,53,24,20,18,37,0,0,0,24,17,9,0,0,0,0,0,0,0,0,0,0,0,4,7,29,15,23,23,32,0,0,0,0,0,0,0,0,0,0,0,515,0,0,0,0,0,24,14,16,16,78,64,75,21,717,692,610,589]} 1. Nf3 c5 2. c4 Nc6 3. d4 cxd4 4. Nxd4 Nf6 5. Nc3 e6 6. g3 Qb6 7. Ndb5 Ne5 8. Bg2 a6 {A33: Symmetrical English: 2 Nf3 Nf6 3 d4 cxd4 4 Nxd4 e6 5 Nc3 Nc6} 9. Na4 (9. Na3 Bxa3 10. bxa3 Nxc4 11. O-O Qc5 12. Na4 Qb5 13. Nc3 Qc5 14. Na4 Qb5 15. Nc3 {½-½ (15) Grischuk,A (2750)-Svidler,P (2755) Moscow 2017}) 9... Qa5+ 10. Nbc3 Nxc4 {LiveBook: 15 Games. The position is equal.} 11. O-O Bb4 $146 ({Predecessor:} 11... d5 12. b3 Ne5 13. Bf4 Ned7 14. Qd2 Qd8 15. e4 e5 16. exd5 {1-0 (44) Lalith,B (2537)-Nagy,G (2410) Caleta 2015}) 12. a3 Bxc3 13. Nxc3 O-O 14. Qd4 d5 15. Bg5 Qd8 ({Much worse is} 15... e5 $6 16. Qh4 $16) 16. e4 {Threatens to win with e5.} h6 $1 {[%cal Rh6g5]} 17. Bxf6 Qxf6 18. Qxf6 gxf6 19. exd5 Nxb2 20. Rfb1 Nc4 21. Rb4 {[%mdl 1024] White has compensation.} Ne5 22. f4 Nd3 23. Rd4 Nc5 {And now ...Nb3 would win.} 24. Rc4 Nb3 25. Re1 Rd8 26. Rc7 Rd7 27. Rxd7 Bxd7 28. Ne4 Kg7 29. Nd6 Rb8 30. dxe6 fxe6 31. Nxb7 Rc8 32. Rd1 Ba4 33. Nd8 Nc5 34. Rd6 Bb3 35. Nc6 Ba4 36. Nd4 Kf7 37. f5 {[%cal Rf5e6]} (37. Nxe6 $5 Nxe6 38. Bd5 $14) 37... e5 {aiming for ...Ke7.} (37... Ke7 $5 38. Rb6 $8 e5 $11) 38. Ne6 Nxe6 39. Bd5 Rc1+ 40. Kf2 Rc2+ 41. Ke3 Bb5 42. a4 Re2+ 43. Kf3 {[#]} e4+ $1 44. Kg4 (44. Bxe4 Ng5+) 44... Rxh2 {[%csl Gh2][%cal Rh6h5]} 45. Rxe6 $11 {[%mdl 4096] Endgame KRB-KRB} Bd7 ({Not} 45... Be2+ $2 46. Kf4 $16) 46. Rxa6+ Ke7 {Hoping for ...e3.} 47. Be6 Be8 {[#]} (47... Bxe6 $1 $11 48. Rxe6+ Kf7) 48. Kf4 $1 $16 Rg2 49. Bd5 ({Better is} 49. Bc4 $16) 49... Rb2 $2 {[%mdl 8192]} (49... Bd7 $11) 50. Re6+ $18 Kd8 51. a5 {Precision: White = 69%, Black = 57%.} 1-0